000 00428nam a2200133Ia 4500
008 200626s9999 xx 000 0 und d
020 _a978-0-00-727071-2
245 _aCalorie Counter:
_bPlus protein, carb, fat and fibre /
260 _aLondon :
_bCollins
_c2008
300 _a382 paages
500 _aIncludes index.
650 _aBrand name products -- Composition -- Tables.
650 _aFood -- Caloric content -- Tables.
999 _c363779
_d363779